Responses for show #3179 - Thursday, May 28, 1998

Lara Robillard game 3.

Contestants

[<< previous game]

Lawrence Taylor, an attorney from Portland, Oregon

Holly Kurzman, a career center manager from San Francisco, California

Lara Robillard, a director of health policy from Arlington, Virginia (whose 2-day cash winnings total $29,000)

[next game >>]

Jeopardy! Round responses

HOOKED ON PHOENIX
LITTLE BIRDIES
'60s ROCK
TOP O' THE WORLD, MA!
POTENT POTABLES
THE "D.T."s
    $100 30
Phoenix Suns

Triple Stumper
    $100 20
Woodstock

Holly
    $100 2
Sgt. Pepper's Lonely Hearts Club Band

Lara
    $100 16
Mount Everest

Lara
    $100 6
Cider

Holly
    $100 1
Dial tone

Lawrence
    $200 29
Rattlesnake

Holly
    $200 21
Canaries

Lara
    $200 4
The Doors

Lara
    $200 17
Ganges

Lara
    $200 7
Beefeater(s)

Lara
    $200 3
Double time

Lawrence
    $300 28
Flame

Holly
    $300 23
Dr. Dolittle

Holly
    $500 9
"Runaway"

Lawrence
    $300 18
Yak

Lawrence
    $300 8
Irish coffee

Lawrence
    $300 5
Defensive tackle

Holly
    $400 27
Frank Lloyd Wright

Lawrence
    $400 24
(Alex: We have about a minute to go.)

Cuckoo

Lawrence
    $400 10
Mr. Postman

Lawrence
    $400 19
Yeti/Abominable Snowman

Holly
    $400 14
Mai tai

Holly
    $400 12
Drama teacher

Lara
    $500 26
William Wrigley

Lara
    $500 25
Bluebird

Lara
    $500 11
Guess Who

Lara
    $500 22
Sherpas

Lara
    $500 15
Dubonnet

Triple Stumper
    $500 13
(Lawrence: What is Tortugas?)
(Alex: You forgot the category, each response is "D.T.")

Dry Tortugas

Lawrence
Triple Stumper

Scores at the first commercial break (after clue 15):

Lara Holly Lawrence
$1,400 $800 $1,000

Scores at the end of the Jeopardy! Round:

Lara Holly Lawrence
$3,400 $2,100 $2,100

Double Jeopardy! Round responses

LOOK WHO'S TALKING, TOO
YANKEE INGENUITY
'60s TV
HALLS OF FAME
5 GUYS NAMED MOE
LATIN LESSON
    $200 24
(Lawrence: Who is Philip Roth?)

Portnoy's Complaint

LaraLawrence
    $200 19
Rose

Holly
    $200 1
Rowan & Martin's Laugh-In

Lara
    $200 11
Louisa May Alcott

Holly
    $200 16
Howard (real name Moses Horvitz)

Holly
    $200 5
War

Lara
    $400 25
(minute to go....)

I, Claudius

Lawrence
    $400 20
Thomas Edison

Lara
    $400 2
Ben Casey

Holly
    $800 12
(H: no response)

Mathew Brady

Holly
    $400 17
Pep Boys

Lara
    $500 6
Et tu

Lara
    $600 26
Great Expectations

Triple Stumper
    $600 21
Alka-Seltzer

Lara
    $600 3
Batman

Holly
    $600 13
Loretta Lynn

Lara
    $600 18
OSS (Office of Strategic Services)

Holly
    $600 7
Defender of the Faith

Lawrence
    $800 30
To Kill A Mockingbird

Lara
    $800 22
Chewing gum

Lara
    $800 4
The Dick Van Dyke Show

Lawrence
    $800 14
(H: What is Detroit?)
(Lawrence: What is Pontiac?)
(Lara: I grew up in Michigan!)

Dearborn

LaraHollyLawrence
    $800 29
(H: What is delta?)
(Lawrence: What is Roadhouse?)
(Lara: What is bluegrass?)

Honky Tonk

LaraHollyLawrence
Triple Stumper
    $800 8
First edition

Lara
    $1000 27
The Stranger

Triple Stumper
    $1000 23
DuPont

Holly
    $1000 10
Dean Martin

Holly
    $1000 15
(Lawrence: Who is Willie Moscovi?)

Willie Mosconi

HollyLawrence
    $1000 28
(Lawrence: Who is Ice-T?)

Kool Moe Dee

LaraLawrence
    $1000 9
Corpus delicti

Lawrence

Scores at the end of the Double Jeopardy! Round:

Lara Holly Lawrence
$9,900 $4,900 $1,100
(lock game)

[wagering suggestions for these scores]

Final Jeopardy! Round responses

COUNTRIES OF THE WORLD
LawrenceWhat are China, India And Russia
$0
HollyWhat are China, India & Brazil?
$3,100
LaraWhat are China, Russia & (the USA) India
$100
China, India, & the USA

Final scores:

Lara Holly Lawrence
$9,800 $1,800 $1,100
3-day champion: $38,800 2nd place: Trip to Kona, Hawaii 3rd place: Fisher 100-Watt Audio Component System

Game dynamics:

Coryat scores:

Lara Holly Lawrence
$9,800 $5,700 $900
24 R
(including 1 DD),
1 W
17 R,
3 W
(including 1 DD)
12 R
(including 1 DD),
6 W

Combined Coryat: $16,400

The J! Archive is created by fans, for fans. The Jeopardy! game show and all elements thereof, including but not limited to copyright and trademark thereto, are the property of Jeopardy Productions, Inc. and are protected under law. This website is not affiliated with, sponsored by, or operated by Jeopardy Productions, Inc. Join the discussion at JBoard.tv.